000 00685nam a2200253Ia 4500
003 OSt
005 20221006145108.0
006 a|||||r|||| 00| 0
007 ta
008 221006b |||||||| |||| 00| 0 eng d
020 _c20.00
024 _a13,777
037 _cTextual
040 _aEASL
_cEASL
_beng
041 _2eng
_aeng
082 _aV58,21wM70, L0
100 _aKAUSHIK Devendra Ed.
245 0 _aLenin
_b His image in India
260 _aDelhi
_bVIkas Pub.
_c1970
300 _a165p.
_ccm.
700 _a MITROKHIN Leonid Ed.
942 _hV58,21wM70, L0
_cTEXL
_2CC
999 _c1081863
_d1081863